LIBRARY ONLINE CATALOGUE

A Modern history of Kenya 1895-1980 in honour of B. A. Ogot / (Record no. 3827)

MARC details
000 -LEADER
fixed length control field 00680nam a22002172 4500
001 - CONTROL NUMBER
control field 0000018901
005 - DATE AND TIME OF LATEST TRANSACTION
control field 20151217145908.0
008 - FIXED-LENGTH DATA ELEMENTS--GENERAL INFORMATION
fixed length control field 100812s xx 000 0 eng d
020 ## - INTERNATIONAL STANDARD BOOK NUMBER
International Standard Book Number 0237510820 :
040 ## - CATALOGING SOURCE
Original cataloging agency KABU
Transcribing agency KABU
245 12 - TITLE STATEMENT
Title A Modern history of Kenya 1895-1980 in honour of B. A. Ogot /
Statement of responsibility, etc. edited by William R. Ochieng.
250 ## - EDITION STATEMENT
Edition statement 1st ed.
260 ## - PUBLICATION, DISTRIBUTION, ETC. (IMPRINT)
Place of publication, distribution, etc. Nairobi :
Name of publisher, distributor, etc. Evans,
Date of publication, distribution, etc. 1989.
300 ## - PHYSICAL DESCRIPTION
Extent v, 259 p.
600 10 - SUBJECT ADDED ENTRY--PERSONAL NAME
Personal name Ogot, Berthwell A.
-- 0000178369
651 #0 - SUBJECT ADDED ENTRY--GEOGRAPHIC NAME
Geographic name Kenya
General subdivision History
Chronological subdivision 1895-1963.
-- 0000178370
700 1# - ADDED ENTRY--PERSONAL NAME
Personal name Ochieng, William R.
-- 0000148735
852 1# - LOCATION
-- p385 KES
908 ## - PUT COMMAND PARAMETER (RLIN)
Put command parameter 100812
950 ## - LOCAL HOLDINGS (RLIN)
-- 1
Holdings
Withdrawn status Lost status Source of classification or shelving scheme Not for loan Home library Current library Date acquired Total Checkouts Full call number Barcode Date last seen Date last checked out Price effective from Koha item type
    Library of Congress Classification   Kabarak, Main Campus Kabarak, Main Campus 17/12/2015 9 DT433.58 .M63 1989 c. 2 24502 20/07/2023 24/04/2023 17/12/2015 General Collection
    Library of Congress Classification   Kabarak, Main Campus Kabarak, Main Campus 17/12/2015   DT433.58 .M63 1989 c. 3 24503 17/12/2015   17/12/2015 General Collection
    Library of Congress Classification   Kabarak, Main Campus Kabarak, Main Campus 17/12/2015   DT433.58 .M63 1989 c. 1 24501 17/12/2015   17/12/2015 Africana Collection